| 000 | 01305nam0a2200349 4500 | ||
|---|---|---|---|
| 001 | RU\NLR\bibl\1230765 | ||
| 005 | 20260406063309.0 | ||
| 010 |
_a978-5-386-00472-9 _95000 |
||
| 021 |
_aRU _b2008-24627 _91354 |
||
| 035 | _a(nilc)EL/0000193361 | ||
| 035 | _aRUM0045409 | ||
| 035 | _a(NLR Aleph) 001217038 | ||
| 090 |
_a114435 _c114435 |
||
| 100 | _a20080416d2008 |||y0rusy50 ca | ||
| 101 | 0 | _arus | |
| 102 | _aRU | ||
| 105 | _aa ||||||||| | ||
| 200 | 1 |
_aБольшая кулинарная книга Республик СССР _f[ред.-сост. Д.В. Нестерова] |
|
| 210 |
_aМосква _cРИПОЛ классик _d2008 |
||
| 215 |
_a509, [2] с. _cил. _d22 |
||
| 606 | 1 |
_aКулинария _xРецептура _92080572 _3RU\NLR\auth\661256513 |
|
| 610 | 0 |
_aблюда _aнациональные кухни _aдомашние условия |
|
| 675 |
_a641.5 _v4 |
||
| 686 |
_a75.35.81 _2rugasnti |
||
| 686 | _aЛ997(2) | ||
| 702 | 1 |
_4220 _8rus _7ca _aНестерова _bД. В. _cпопуляризатор _gДарья Владимировна _3RU\NLR\AUTH\7722402 _95461 |
|
| 801 | 0 |
_aRU _bЦНСХБ РАСХН _c20080416 _gRCR |
|
| 801 | 1 |
_aRU _bЦНСХБ РАСХН _c20080514 _2rusmarc |
|
| 801 | 2 |
_aRU _bNLR _c20080522 _grcr |
|
| 942 | _cBOOK | ||
| 980 | _aNB | ||